000 02626nam a22003017a 4500
005 20130320163248.0
010 _aENG-104745
020 _a9781259002502
_c450.00
020 _a1259002500
_c450.00
020 _c525.00
035 _aEN-88278
035 _aB-491164-184
037 _bDBAD/PUB
037 _bMallika Books/Ven
082 _a485
100 1 _aTanka, Judith
245 1 0 _aInteractions 1 :
_cby Judith Tanka [and] Paul Most
_blistening/speaking /
250 _asilver ed
260 _aNew Delhi
_bTata McGraw-Hill
_c2011
270 _a7 West Patel Nagar
_bNew Delhi
_e110001
300 _axix,242p. :
_bill.
_c25cm(pbk)
_e1CD-ROM
500 _aIncludes index
520 _a"The only official study guide to CEA--the #1 vendor-neutral enterprise architecture certification Written and authorized by the FEAC Institute, FEAC Certified Enterprise Architect CEA Study Guide offers complete coverage of all the material on the Certified Enterprise Architect exam. This book features hands-on projects using all major frameworks and methodologies and also serves as a highly practical resource for today's enterprise architect responsible for commissioning, overseeing, and performing architecture work in the federal, defense, and commercial sectors. FEAC Certified Enterprise Architect CEA Study Guide covers all objectives on the Certified Enterprise Architecture exam Includes CD-ROM with CEA-oriented Practicums and an e-book Helps you master the topics and skills required to pass the challenging CEA exam Serves as a comprehensive reference on all components of an enterprise architecture Covers the proprietary Department of Defense (DoD) Architecture Framework 2.0 Contains realistic models that can be applied immediately by a practitioner regardless of the type of organization (government, civilian, commercial, etc.) Demystifies U.S. federal documentation to provide actionable methodologies and best practices to create and maintain successful EAs In-depth coverage: EA Basic Concepts; Enterprise Architecting; Planning the EA; Implementing the EA; Disseminating the EA; Maintaining the EA; Governing the EA; Using the EA; EA Modeling; EA in Government (FEA and FSAM); EA in Defense (DoDAF and Variants); EA in the Commercial Sector; EA Tools and Repositories; Case Study: Civilian Airport"--
700 _aMost, Paul
_939314
942 _2ddc
_cEN
_h485
_mTAN
999 _c60996
_d60996